|
|
|
|
| LEADER |
00000nam0a2200000 4500 |
| 001 |
91216 |
| 005 |
20231101213747.0 |
| 010 |
|
|
|a 5160019413
|
| 035 |
|
|
|a (RuTPU)RU\TPU\book\97799
|
| 090 |
|
|
|a 91216
|
| 100 |
|
|
|a 20060221d2005 m y0rusy50 ca
|
| 101 |
0 |
|
|a rus
|
| 102 |
|
|
|a RU
|
| 105 |
|
|
|a a j 001zy
|
| 200 |
1 |
|
|a Логистика
|e учебник
|f Государственный университет управления; Институт мировой экономики и международных отношений; Московский Государственный технический университет им. Н. Э. Баумана; под ред. Б. А. Аникина
|
| 205 |
|
|
|a 3-е изд., перераб. и доп.
|
| 210 |
|
|
|a Москва
|c Инфра-М
|d 2005
|
| 215 |
|
|
|a 367 с.
|c ил.
|
| 225 |
1 |
|
|a Высшее образование
|
| 320 |
|
|
|a Библиогр.: с. 367.
|
| 330 |
|
|
|a В учебнике системно излагаются знания о бурно развивающемся в мире новом научном и учебном направлении — логистике, науке об организации и управлении процессами и материальными потоками в экономике. Авторы анализируют понятийный аппарат, факторы развития, концепцию логистики. Подробно рассматриваются основные составляющие логистики в их взаимосвязи — информационная логистика, логистика товарно-материальных запасов, логистика складирования, транспорт, организация логистического управления, контроллинг в логистических схемах и др. Для студентов вузов, слушателей учреждений послевузовского образования, руководителей и специалистов.
|
| 451 |
|
1 |
|0 (RuTPU)RU\TPU\book\130792
|y 978-5-16-001941-3
|t Логистика
|o учебник
|f Государственный университет управления; Институт мировой экономики и международных отношений; Московский Государственный технический университет им. Н. Э. Баумана; под ред. Б. А. Аникина
|e 3-е изд., перераб. и доп.
|c Москва
|n Инфра-М
|d 2008
|p 368 с.
|
| 451 |
|
1 |
|0 (RuTPU)RU\TPU\book\14821
|y 5-16-000147-6
|t Логистика
|o учебник
|f Под ред. Б. А. Аникина
|e 2-е изд., перераб. и доп.
|c Москва
|n Инфра-М
|d 2000
|p 352 с.
|s Высшее образование
|
| 606 |
|
|
|a Логистика
|x Логистические стратегии
|2 stltpush
|3 (RuTPU)RU\TPU\subj\36364
|9 57772
|
| 610 |
1 |
|
|a экономика
|
| 610 |
1 |
|
|a логистическая экономика
|
| 610 |
1 |
|
|a логистические системы
|
| 610 |
1 |
|
|a логистические процессы
|
| 610 |
1 |
|
|a логистический менеджмент
|
| 610 |
1 |
|
|a логистическое управление
|
| 610 |
1 |
|
|a информационная логистика
|
| 610 |
1 |
|
|a закупочная логистика
|
| 610 |
1 |
|
|a производственные процессы
|
| 610 |
1 |
|
|a производственная логистика
|
| 610 |
1 |
|
|a сбыт
|
| 610 |
1 |
|
|a запасы
|
| 610 |
1 |
|
|a склады
|
| 610 |
1 |
|
|a складирование
|
| 610 |
1 |
|
|a транспорт
|
| 610 |
1 |
|
|a транспортная логистика
|
| 610 |
1 |
|
|a сервисное обслуживание
|
| 610 |
1 |
|
|a логистические центры
|
| 610 |
1 |
|
|a учебники
|
| 686 |
|
|
|a У9(2)40я73
|v LBC/SL-A
|2 rubbk
|
| 702 |
|
1 |
|a Аникин
|b Б. А.
|4 340
|
| 712 |
0 |
2 |
|a Государственный университет управления
|2 stltpush
|3 (RuTPU)RU\TPU\col\23
|
| 712 |
0 |
2 |
|a Российская академия наук (РАН)
|b Институт мировой экономики и международных отношений (ИМЭМО)
|c (Москва)
|2 stltpush
|3 (RuTPU)RU\TPU\col\241
|
| 712 |
0 |
2 |
|a Московский Государственный технический университет им. Н. Э. Баумана
|2 stltpush
|3 (RuTPU)RU\TPU\col\1562
|
| 801 |
|
1 |
|a RU
|b 63413507
|c 20060221
|g PSBO
|
| 801 |
|
2 |
|a RU
|b 63413507
|c 20171018
|g PSBO
|
| 900 |
|
|
|a Логистика
|
| 900 |
|
|
|a Менеджмент
|
| 942 |
|
|
|c BK
|
| 952 |
|
|
|b 080500
|
| 959 |
|
|
|a 17/20060217
|d 2
|e 85
|f АНЛ:1
|f НФ:1
|